Cyber Attacks - Statistics

General Stats
  • This quiz has been taken 42 times
    36 since last reset
  • The average score is 3 of 29
Answer Stats
Answer % Correct
Phishing
100%
Smishing
47%
Vishing
37%
Spear Phishing
32%
Whaling
16%
Angler Phishing
5%
Baiting
5%
CEO Fraud
5%
Clone Phishing
5%
Credential Stuffing
5%
Deepfake Phishing
5%
Dumpster Diving
5%
Fake Invoices
5%
Fake Job Offers
5%
Fake surveys
5%
Honey Trap
5%
Malvertising
5%
Pharming
5%
Piggybacking
5%
Pretexting
5%
Quid Pro Quo
5%
Scareware
5%
Shoulder Surfing
5%
Social Engineering in Person
5%
Tailgating
5%
Water Hole Attack
5%
Hoaxes
0%
Rogue Software
0%
Typosquatting
0%
No matching quizzes found
Score Distribution
Percent of People with Each Score
Percentile by Number Answered
Your Score History
You have not taken this quiz since the last reset